Механика и расчет машин вибрационного типа: Материалы совещания

Chi tiết về thư mục
Tác giả của công ty: Академия наук СССР Институт машиноведения
Tác giả khác: Артоболевский И. И. Иван Иванович (редактор)
Ngôn ngữ:Tiếng Nga
Được phát hành: Москва, Изд-во АН СССР, 1957
Những chủ đề:
Định dạng: Sách
KOHA link:https://koha.lib.tpu.ru/cgi-bin/koha/opac-detail.pl?biblionumber=80660

MARC

LEADER 00000nam0a2200000 4500
001 80660
005 20231101213126.0
035 |a (RuTPU)RU\TPU\book\86691 
090 |a 80660 
100 |a 20050908d1957 k y0rusy50 ca 
101 0 |a rus 
102 |a RU 
105 |a a z 101zy 
200 1 |a Механика и расчет машин вибрационного типа  |e Материалы совещания  |f Академия наук СССР (АН СССР), Институт машиноведения им. А. А. Благонравова (ИМАШ) ; отв. ред. И. И. Артоболевский 
210 |a Москва  |c Изд-во АН СССР  |d 1957 
215 |a 91 с.  |c ил. 
320 |a Библиогр. в конце разд. 
606 1 |a Вибрационные машины  |2 stltpush  |3 (RuTPU)RU\TPU\subj\2449  |9 31019 
610 1 |a конвейеры 
610 1 |a грохоты 
610 1 |a питатели 
610 1 |a автоматизация 
610 1 |a дробилки 
610 1 |a сепарация 
610 1 |a сыпучие материалы 
610 1 |a сортировка 
610 1 |a совещания 
675 |a 62-868  |v 3 
702 1 |a Артоболевский  |b И. И.  |c специалист в области теории машин и механизмов  |c академик АН СССР, Герой Социалистического Труда  |f 1905-1977  |g Иван Иванович  |2 stltpush  |3 (RuTPU)RU\TPU\pers\15331  |4 340  |9 5277 
712 0 2 |a Академия наук СССР  |b Институт машиноведения  |c (Москва)  |c (1938-1961)  |2 stltpush  |3 (RuTPU)RU\TPU\col\13724  |9 25758 
801 1 |a RU  |b 63413507  |c 20050908  |g PSBO 
801 2 |a RU  |b 63413507  |c 20220506  |g PSBO 
942 |c BK